|
|
|
|
| LEADER |
00000nam a2200000Ii 4500 |
| 001 |
DIGUCCH0266 |
| 003 |
NyNyDIG |
| 006 |
m o d |
| 007 |
cr ||||||||||| |
| 008 |
250801s2017 cl ob 000 0 spa d |
| 035 |
|
|
|a (OCoLC)1531994079
|
| 040 |
|
|
|a DGITA
|b eng
|e rda
|e pn
|c DGITA
|
| 020 |
|
|
|a 9789561421899
|q edición digital
|
| 020 |
|
|
|z 9789561421769
|q edición impresa
|
| 043 |
|
|
|a s-cl---
|
| 050 |
1 |
4 |
|a KHF2921 ebook
|
| 100 |
1 |
|
|a García, José Francisco,
|e author.
|
| 245 |
1 |
3 |
|a La tradición constitucional de la P. Universidad católica de Chile.
|n Vol. I,
|p (1889-1967) : orígenes, evolución, consolidación /
|c José Francisco García G.
|
| 246 |
3 |
0 |
|a (1889-1967) :
|b orígenes, evolución, consolidación
|
| 264 |
|
1 |
|a Santiago, Chile :
|b Ediciones UC,
|c [2017]
|
| 300 |
|
|
|a 1 online resource.
|
| 336 |
|
|
|a text
|b txt
|2 rdacontent
|
| 337 |
|
|
|a computer
|b c
|2 rdamedia
|
| 338 |
|
|
|a online resource
|b cr
|2 rdacarrier
|
| 347 |
|
|
|a text file
|2 rdaft
|
| 347 |
|
|
|b EPUB
|
| 490 |
1 |
|
|a Colección Pedro Lira Urquieta
|
| 504 |
|
|
|a Includes bibliographical references.
|
| 588 |
0 |
|
|a Online resource; title from ePub title page (Digitalia, viewed August 1, 2025)
|
| 610 |
2 |
0 |
|a Universidad Catolica de Chile.
|b Facultad de Derecho.
|
| 650 |
|
0 |
|a Constitutional law
|z Chile.
|
| 776 |
0 |
8 |
|i Print version:
|a García, José Francisco.
|t Tradición constitucional de la P. Universidad católica de Chile. Vol. I, (1889-1967) : orígenes, evolución, consolidación.
|d Santiago, Chile : Ediciones UC, [2017]
|z 9789561421769
|
| 791 |
2 |
|
|a Digitalia (Firm),
|e distributor.
|
| 793 |
0 |
|
|g Digitalia eBook Collection:
|a Universidad Católica de Chile
|
| 830 |
|
0 |
|a Colección Pedro Lira Urquieta (Universidad Católica de Chile)
|
| 856 |
4 |
0 |
|3 Digitalia Hispánica
|u https://www.digitaliapublishing.com/a/175565/
|
| 910 |
|
|
|a Premium collection: 2025
|